|
|
|
|
| LEADER |
01072nam a2200253 a 4500 |
| 001 |
38052333 |
| 008 |
090528s1996 bg a b 001 0 eng d |
| 020 |
|
|
|a 9845000622
|
| 040 |
|
|
|a EQF
|c EQF
|
| 082 |
0 |
0 |
|a 582.09549
|2 21
|
| 100 |
1 |
|
|a Khan, M. Salar
|
| 245 |
0 |
0 |
|a Homestead flora of Bangladesh /
|c M. Salar Khan, Md. Khairul Alam
|
| 260 |
|
|
|a Dhaka :
|b Bangladesh Agricultural Research Council,
|c 1996
|
| 300 |
|
|
|a 275 p. :
|b ill. ;
|c 22 cm
|
| 504 |
|
|
|a Includes Bibliographical References (p.275-276) and index.
|
| 541 |
1 |
|
|e 00007314
|
| 650 |
0 |
|
|a Botany
|x Bangladesh
|
| 700 |
1 |
|
|a Alam, Md. Khairul,
|d 1952-
|
| 710 |
2 |
|
|a Bangladesh Agriculture Research Council
|
| 710 |
2 |
|
|a International Development Research Centre (Canada)
|
| 710 |
2 |
|
|a Village & Farm Forestry Project
|
| 852 |
4 |
|
|a Ayesha Abed Library
|j General shelf
|
| 999 |
|
|
|c 933
|d 933
|
| 952 |
|
|
|0 0
|1 0
|2 ddc
|4 0
|6 582_095490000000000_KHA_1996
|7 0
|9 1054
|a BRACUL
|b BRACUL
|c GEN
|d 2009-06-24
|g 0.00
|l 2
|m 12
|o 582.09549 KHA
|p 3010007314
|r 2024-11-11
|s 2024-06-06
|t 1
|w 2009-06-24
|y BK
|x No price found in the accession register.
|